[Event "Pere Noel"]
[Site "Montreal CAN"]
[Date "1981.12.29"]
[Round "4"]
[White "Prevost, John"]
[Black "Brodie, Hugh"]
[Result "0-1"]
[WhiteElo "1277"]
[BlackElo "1931"]
[PlyCount "38"]
[EventDate "1981.12.26"]
[EventType "swiss"]
[EventRounds "5"]
[EventCountry "CAN"]

1. e4 c5 2. Nf3 Nc6 3. d4 cxd4 4. Nxd4 g6 5. c3 Bg7 6. Be3 Nf6 7. Nd2 O-O 8.
Bd3 d5 9. Qc2 dxe4 10. Nxe4 Ng4 11. Bg5 Nxd4 12. cxd4 Bxd4 13. h3 Ne5 14. Be2
Bf5 15. Bh6 Re8 16. Bb5 Qa5+ 17. Qd2 Qxb5 18. Qxd4 Red8 19. a4 Rxd4 0-1

[Event "Pere Noel"]
[Site "Montreal CAN"]
[Date "1981.12.30"]
[Round "5"]
[White "Delva, Jean"]
[Black "Brodie, Hugh"]
[Result "1/2-1/2"]
[WhiteElo "2021"]
[BlackElo "1931"]
[PlyCount "136"]
[EventDate "1981.12.26"]
[EventType "swiss"]
[EventRounds "5"]
[EventCountry "CAN"]

1. d4 e6 2. c4 Bb4+ 3. Bd2 Qe7 4. Nc3 f5 5. g3 Nf6 6. Bg2 O-O 7. Nf3 d6 8. Qb3
Bxc3 9. Bxc3 Nbd7 10. O-O Ne4 11. Nd2 Ndf6 12. f4 b6 13. Nxe4 Nxe4 14. Bxe4
fxe4 15. e3 c5 16. dxc5 bxc5 17. Rad1 e5 18. fxe5 Rxf1+ 19. Rxf1 dxe5 20. Qc2
Bb7 21. Rf5 Rf8 22. Rxf8+ Kxf8 23. Qf2+ Kg8 24. Qf5 Qd8 25. Kg2 Qd1 26. Qe6+
Kf8 27. Qf5+ Kg8 28. Bxe5 Qe2+ 29. Kh3 Qxc4 30. Bd6 Qf7 31. Qxf7+ Kxf7 32. Bxc5
a6 33. Kg4 Ke6 34. Bd4 g6 35. Kg5 Kf7 36. g4 Bd5 37. b3 Bc6 38. b4 Bd5 39. a3
Bc6 40. h3 Bb7 41. Kh6 Kg8 42. Bc5 Bc6 43. Bb6 Bd5 44. Kg5 Kf7 45. h4 Bc6 46.
Bd4 Bd5 47. Kh6 Kg8 48. h5 gxh5 49. Kxh5 Bc6 50. Kg5 Kf7 51. Bc5 Bb5 52. Kf4
Bd3 53. Ke5 Kg6 54. Be7 h6 55. a4 Be2 56. Kxe4 Bxg4 57. b5 axb5 58. axb5 Bd7
59. b6 Bc6+ 60. Kd4 Kf7 61. Kc5 Bg2 62. Kd6 Kg6 63. Ke5 Ba8 64. Bh4 Kf7 65. Kd6
Kg6 66. Ke6 Kh5 67. Bg3 Kg4 68. Bf4 h5 1/2-1/2

[Event "Eastern Ontario op"]
[Site "Ottawa CAN"]
[Date "1981.11.28"]
[Round "1"]
[White "Berry, Jonathan"]
[Black "Brodie, Hugh"]
[Result "1-0"]
[WhiteElo "2242"]
[BlackElo "1889"]
[PlyCount "57"]
[EventDate "1981.11.28"]
[EventType "swiss"]
[EventRounds "5"]
[EventCountry "CAN"]

1. e3 e5 2. c4 d6 3. Nc3 Nc6 4. Nf3 g6 5. Be2 Bg7 6. O-O Nge7 7. d4 O-O 8. d5
Nb8 9. Bd2 Bg4 10. Qb3 Qc8 11. Rac1 Nd7 12. Ne4 b6 13. Qc2 a5 14. b3 h6 15. a3
f5 16. Nc3 Qb7 17. b4 axb4 18. axb4 Kh7 19. h3 Bxf3 20. Bxf3 e4 21. Be2 c6 22.
dxc6 Qxc6 23. Rfd1 Rfd8 24. Nb5 Be5 25. Bc3 d5 26. cxd5 Nxd5 27. Bxe5 Qxc2 28.
Rxc2 Nxe5 29. Rcd2 1-0

[Event "Eastern Ontario op"]
[Site "Ottawa CAN"]
[Date "1981.11.28"]
[Round "2"]
[White "Brodie, Hugh"]
[Black "Chobanov, Gabriel"]
[Result "1-0"]
[WhiteElo "1889"]
[BlackElo "1776"]
[PlyCount "85"]
[EventDate "1981.11.28"]
[EventType "swiss"]
[EventRounds "5"]
[EventCountry "CAN"]

1. f4 d5 2. e3 Nf6 3. b3 Bf5 4. Nf3 Nc6 5. Bb5 Bd7 6. Bb2 e6 7. O-O Be7 8. d3
O-O 9. Nbd2 b6 10. Bxc6 Bxc6 11. Qe1 Ne8 12. Ne5 Bb7 13. Rf3 Bh4 14. Qe2 d4 15.
e4 c5 16. Rh3 Be7 17. Rf1 Bf6 18. Qh5 h6 19. Ng4 Bg5 20. fxg5 Qxg5 21. Qxg5
hxg5 22. Ne5 Nd6 23. Bc1 Rfe8 24. Ndc4 Nxc4 25. Nxc4 g4 26. Rh4 Rad8 27. Rxg4
f6 28. e5 f5 29. Rg3 Ba8 30. Nd6 Rf8 31. Rf4 Rxd6 32. exd6 e5 33. Rh4 e4 34.
Rgh3 Bc6 35. Rh8+ Kf7 36. Rxf8+ Kxf8 37. Rh8+ Kf7 38. Bf4 b5 39. Rc8 Bd7 40.
Rxc5 Ke6 41. Re5+ Kxd6 42. Rxe4+ Kc5 43. Re7 1-0

[Event "Eastern Ontario op"]
[Site "Ottawa CAN"]
[Date "1981.11.28"]
[Round "3"]
[White "Kosich, Dusan"]
[Black "Brodie, Hugh"]
[Result "0-1"]
[WhiteElo "1650"]
[BlackElo "1889"]
[PlyCount "94"]
[EventDate "1981.11.28"]
[EventType "swiss"]
[EventRounds "5"]
[EventCountry "CAN"]

1. d4 e6 2. Nf3 f5 3. g3 b6 4. Bg2 Bb7 5. O-O Nf6 6. c4 Be7 7. Nc3 O-O 8. Re1
Ne4 9. Nxe4 fxe4 10. Nd2 d5 11. cxd5 exd5 12. Qb3 Kh8 13. Nf1 Bd6 14. Ne3 c6
15. f3 exf3 16. exf3 Qf6 17. Qd3 Nd7 18. f4 h5 19. Bh3 Rad8 20. Nxd5 cxd5 21.
Re6 Nc5 22. dxc5 Bxc5+ 23. Kf1 Qf7 24. Bd2 Bc8 25. Rae1 Rde8 26. b4 Bxe6 27.
Bxe6 Rxe6 28. bxc5 Rxe1+ 29. Bxe1 bxc5 30. Qc2 Rc8 31. Bf2 Qe6 32. Kg2 Qe4+ 33.
Qxe4 dxe4 34. Be3 c4 35. Kf2 c3 36. Bc1 Rd8 37. Ke2 Rd3 38. a4 a6 39. Be3 Kg8
40. h3 Kf7 41. g4 hxg4 42. hxg4 g6 43. a5 Rd5 44. Bc1 Rxa5 45. Ke3 Ra1 46. Kxe4
Rxc1 47. Kd3 g5 0-1

[Event "Eastern Ontario op"]
[Site "Ottawa CAN"]
[Date "1981.11.29"]
[Round "4"]
[White "Brodie, Hugh"]
[Black "Mansfield, Mike"]
[Result "1-0"]
[WhiteElo "1889"]
[BlackElo "1700"]
[PlyCount "89"]
[EventDate "1981.11.28"]
[EventType "swiss"]
[EventRounds "5"]
[EventCountry "CAN"]

1. f4 g6 2. e4 d6 3. d4 Nf6 4. Nc3 Bg7 5. Nf3 O-O 6. Bd3 Nbd7 7. O-O e5 8. fxe5
dxe5 9. dxe5 Ng4 10. e6 fxe6 11. h3 Nge5 12. Be3 Nxf3+ 13. Rxf3 Rxf3 14. Qxf3
Ne5 15. Qe2 Nxd3 16. Qxd3 Qxd3 17. cxd3 c6 18. Rd1 e5 19. Kf2 Be6 20. Ke2 b6
21. Kd2 Kf7 22. Kc2 Ke7 23. Na4 Rf8 24. b3 Bf6 25. Nb2 Bh4 26. Rd2 Bg3 27. Nc4
Bxc4 28. dxc4 c5 29. Bh6 Rf2 30. Bg5+ Ke6 31. Rxf2 Bxf2 32. Kd2 Bg3 33. Ke3 Be1
34. Ke2 Bc3 35. Kf3 a6 36. a4 Kd7 37. Kg4 Kc6 38. Bc1 b5 39. axb5+ axb5 40. Kg5
bxc4 41. bxc4 h5 42. Kxg6 h4 43. Bg5 Be1 44. Kf5 Bg3 45. Ke6 1-0

[Event "Eastern Ontario op"]
[Site "Ottawa CAN"]
[Date "1981.11.29"]
[Round "5"]
[White "Brodie, Hugh"]
[Black "Ross, Dave"]
[Result "0-1"]
[WhiteElo "1889"]
[BlackElo "2081"]
[PlyCount "94"]
[EventDate "1981.11.28"]
[EventType "swiss"]
[EventRounds "5"]
[EventCountry "CAN"]

1. Nf3 g6 2. g3 Bg7 3. Bg2 e5 4. d3 Nc6 5. c4 d6 6. Nc3 Nf6 7. Bd2 O-O 8. Rb1
Re8 9. e4 Bg4 10. h3 Bd7 11. O-O a5 12. a3 Nd4 13. b4 axb4 14. axb4 b5 15. Nxd4
exd4 16. Nxb5 Bxb5 17. cxb5 Rb8 18. f4 Qd7 19. Qc2 Qxb5 20. Rfc1 Rbc8 21. Ra1
c6 22. Ra5 Qb6 23. Kh2 Nd7 24. Rca1 c5 25. Qa4 Nb8 26. bxc5 dxc5 27. Rb5 Qe6
28. Rc1 Nd7 29. Rb7 Red8 30. Ba5 h5 31. Bxd8 Rxd8 32. Qa5 Rc8 33. Rc4 h4 34.
Qa7 Rd8 35. Ra4 g5 36. Ra6 Qe7 37. Bf3 hxg3+ 38. Kg2 c4 39. dxc4 gxf4 40. Ra5
Qe8 41. Rg5 Ne5 42. Re7 Qc6 43. Rc7 Ra8 44. Rxc6 Rxa7 45. Rc8+ Kh7 46. Bg4 Ra2+
47. Kg1 f3 0-1

[Event "Ottawa op"]
[Site "Ottawa CAN"]
[Date "1981.09.25"]
[Round "1"]
[White "Maisonneuve, Jude"]
[Black "Brodie, Hugh"]
[Result "1/2-1/2"]
[WhiteElo "1641"]
[BlackElo "1910"]
[PlyCount "112"]
[EventDate "1981.09.25"]
[EventType "swiss"]
[EventRounds "6"]
[EventCountry "CAN"]

1. d4 Nf6 2. Nf3 b6 3. c4 e6 4. a3 Bb7 5. Nc3 Be7 6. e3 Ne4 7. Nxe4 Bxe4 8. Bd3
Bxd3 9. Qxd3 f5 10. O-O O-O 11. e4 d6 12. b3 Nd7 13. Bb2 Qe8 14. Nd2 f4 15.
Rfe1 Qh5 16. Rac1 Rf6 17. Qf3 Rh6 18. Qxh5 Rxh5 19. Nf3 Bf6 20. Rcd1 Rd8 21. e5
dxe5 22. dxe5 Be7 23. Re4 Nc5 24. Rxd8+ Bxd8 25. Rd4 Be7 26. b4 Na4 27. Ba1 a5
28. bxa5 bxa5 29. Rd7 Bxa3 30. Rxc7 Rf5 31. Bd4 h6 32. c5 Rf7 33. Rc8+ Rf8 34.
Rc7 Rf7 35. Rc8+ Rf8 36. Rc6 Re8 37. Nd2 Rd8 38. Rd6 Rxd6 39. cxd6 Kf7 40. Nc4
Bb4 41. Kf1 Nc3 42. Bxc3 Bxc3 43. Ke2 a4 44. Kd3 Bb4 45. Kc2 Ke8 46. Nb6 Bc5
47. Nxa4 Bd4 48. Nb2 Bxe5 49. Nc4 Bd4 50. Kd3 Bxf2 51. Ke4 Kd7 52. Kxf4 Bg1 53.
h4 Bh2+ 54. g3 g5+ 55. hxg5 hxg5+ 56. Kg4 e5 1/2-1/2

[Event "Ottawa op"]
[Site "Ottawa CAN"]
[Date "1981.09.26"]
[Round "2"]
[White "Brodie, Hugh"]
[Black "Jobin, Gilles G"]
[Result "1-0"]
[WhiteElo "1910"]
[BlackElo "1680"]
[PlyCount "55"]
[EventDate "1981.09.25"]
[EventType "swiss"]
[EventRounds "6"]
[EventCountry "CAN"]

1. f4 e5 2. fxe5 d6 3. exd6 Bxd6 4. Nf3 g5 5. g3 Nc6 6. c3 g4 7. Nh4 Be7 8. Ng2
h5 9. d4 h4 10. Bf4 Qd5 11. Rg1 hxg3 12. Bxg3 Bd6 13. Nf4 Qf5 14. e3 Nf6 15.
Bd3 Qa5 16. Nd2 Bxf4 17. Bxf4 Be6 18. Nc4 Qh5 19. Bxc7 Nd5 20. Bg3 b5 21. Nd6+
Kd7 22. e4 Ne3 23. Qe2 Nc4 24. Nxc4 Bxc4 25. Bxc4 bxc4 26. Qxc4 Rae8 27. e5 Rh6
28. O-O-O 1-0

[Event "Ottawa op"]
[Site "Ottawa CAN"]
[Date "1981.09.26"]
[Round "3"]
[White "Oko, D."]
[Black "Brodie, Hugh"]
[Result "0-1"]
[WhiteElo "1601"]
[BlackElo "1910"]
[PlyCount "104"]
[EventDate "1981.09.25"]
[EventType "swiss"]
[EventRounds "6"]
[EventCountry "CAN"]

1. d4 e6 2. c4 Bb4+ 3. Nc3 f5 4. Nf3 b6 5. e3 Nf6 6. a3 Bxc3+ 7. bxc3 Bb7 8.
Be2 O-O 9. O-O Ne4 10. Qc2 d6 11. a4 Nd7 12. Ba3 Rf6 13. Ne1 Rh6 14. f4 Qh4 15.
Nf3 Qh5 16. h3 Ng3 17. Rf2 Nxe2+ 18. Qxe2 Ba6 19. Nd2 Qg6 20. Kf1 Nf6 21. Ke1
Qe8 22. Bb2 Qc6 23. Qf3 Ne4 24. Nxe4 fxe4 25. Qd1 Qxc4 26. Qc2 d5 27. Ba3 Rg6
28. Kd2 Rg3 29. Be7 c5 30. Bh4 Rg6 31. Be7 Rc8 32. Rc1 Kf7 33. Bd6 Rc6 34. Be5
cxd4 35. Bxd4 b5 36. axb5 Bxb5 37. Ra1 a6 38. g4 Rh6 39. Rh2 Rxh3 40. Rxh3 Qe2+
41. Kc1 Qf1+ 42. Kb2 Qxh3 43. g5 Rc7 44. Ka3 Rc4 45. Kb2 Rc8 46. Qf2 Rb8 47.
Rg1 Bd3+ 48. Ka3 Rb7 49. Qg2 Qf5 50. Qh2 Kg8 51. g6 Qf8+ 52. Ka2 Bc4+ 0-1

[Event "Ottawa op"]
[Site "Ottawa CAN"]
[Date "1981.09.26"]
[Round "4"]
[White "Brodie, Hugh"]
[Black "Dale, Stephen"]
[Result "0-1"]
[WhiteElo "1910"]
[BlackElo "1750"]
[PlyCount "27"]
[EventDate "1981.09.25"]
[EventType "swiss"]
[EventRounds "6"]
[EventCountry "CAN"]

1. e4 c5 2. f4 e6 3. Nf3 d5 4. e5 Nc6 5. d4 Qb6 6. c3 Bd7 7. Be2 Nh6 8. dxc5
Bxc5 9. Nbd2 Ng4 10. Qb3 Bf2+ 11. Kf1 Ne3+ 12. Kxf2 Ng4+ 13. Ke1 Qf2+ 14. Kd1
0-1

[Event "Ottawa op"]
[Site "Ottawa CAN"]
[Date "1981.09.27"]
[Round "5"]
[White "Roy, Roger"]
[Black "Brodie, Hugh"]
[Result "1/2-1/2"]
[WhiteElo "1700"]
[BlackElo "1910"]
[PlyCount "78"]
[EventDate "1981.09.25"]
[EventType "swiss"]
[EventRounds "6"]
[EventCountry "CAN"]

1. Nf3 d6 2. g3 e5 3. d3 Nc6 4. e4 g6 5. Bg2 Bg7 6. O-O Nge7 7. Ne1 O-O 8. Nc3
Be6 9. f4 Qd7 10. Be3 Bh3 11. Qd2 exf4 12. Bxf4 Bxg2 13. Kxg2 f5 14. Bh6 fxe4
15. Rxf8+ Rxf8 16. Bxg7 e3 17. Qxe3 Nf5 18. Qd2 Kxg7 19. Nf3 Nfd4 20. Rf1 Nxf3
21. Rxf3 Rxf3 22. Kxf3 Ne5+ 23. Kg2 Qc6+ 24. Ne4 d5 25. Qc3 Qxc3 26. Nxc3 c6
27. h3 Kf6 28. Ne2 Ke6 29. Nd4+ Kd6 30. Nf3 Nxf3 31. Kxf3 Ke5 32. c3 c5 33. Ke3
g5 34. d4+ cxd4+ 35. cxd4+ Kf5 36. g4+ Ke6 37. Kd3 Kd6 38. Kc3 Kc6 39. a4 a5
1/2-1/2

[Event "Ottawa op"]
[Site "Ottawa CAN"]
[Date "1981.09.27"]
[Round "6"]
[White "Brodie, Hugh"]
[Black "Maheux, L."]
[Result "1-0"]
[WhiteElo "1910"]
[BlackElo "1685"]
[PlyCount "57"]
[EventDate "1981.09.25"]
[EventType "swiss"]
[EventRounds "6"]
[EventCountry "CAN"]

1. f4 d5 2. e3 c5 3. b3 Nc6 4. Bb5 Bd7 5. Nf3 Nf6 6. Bb2 e6 7. O-O Bd6 8. Bxc6
Bxc6 9. d3 Qc7 10. Nbd2 O-O-O 11. Ne5 Rhg8 12. Ndf3 h6 13. Qe1 Nh7 14. Qh4 f6
15. Nxc6 bxc6 16. Qg4 f5 17. Qg6 Nf8 18. Qh5 Rd7 19. Ne5 g6 20. Qe2 Rh7 21. d4
Nd7 22. Qa6+ Kd8 23. Nxc6+ Ke8 24. Nxa7 Nb8 25. Qa4+ Kf8 26. Nb5 Qb6 27. Nxd6
Ra7 28. Qe8+ Kg7 29. dxc5+ 1-0

[Event "CAN-op"]
[Site "Quebec CAN"]
[Date "1981.07.11"]
[Round "1"]
[White "Brodie, Hugh"]
[Black "Segal, A."]
[Result "1-0"]
[WhiteElo "1908"]
[BlackElo "1496"]
[PlyCount "81"]
[EventDate "1981.07.11"]
[EventType "swiss"]
[EventRounds "10"]
[EventCountry "CAN"]

1. f4 d5 2. e3 Nf6 3. b3 Bf5 4. Bb2 Nbd7 5. Nf3 e6 6. Be2 Be7 7. O-O O-O 8. Ne5
Ne8 9. Bg4 f6 10. Bxf5 exf5 11. Nf3 Nd6 12. Nc3 c6 13. Nh4 g6 14. Ne2 Rf7 15.
Qe1 c5 16. Rf3 Qf8 17. d3 Re8 18. Qf2 Bd8 19. Kh1 g5 20. Rg3 Qh6 21. Nf3 g4 22.
h3 c4 23. Nh2 Rg7 24. Nd4 Kf7 25. Ba3 gxh3 26. Bxd6 hxg2+ 27. Qxg2 Rxg3 28.
Qxg3 Rg8 29. Qf3 Nb6 30. Rg1 Rxg1+ 31. Kxg1 Qg6+ 32. Qg2 cxd3 33. cxd3 Nd7 34.
Kf2 Bb6 35. Qxd5+ Kg7 36. Nxf5+ Kh8 37. Nf3 Qe8 38. Ne7 h5 39. Nh4 Bd8 40.
Neg6+ Kh7 41. Qxh5+ 1-0

[Event "CAN-op"]
[Site "Quebec CAN"]
[Date "1981.07.12"]
[Round "2"]
[White "Kornbluth, Howard"]
[Black "Brodie, Hugh"]
[Result "1/2-1/2"]
[WhiteElo "1692"]
[BlackElo "1906"]
[PlyCount "62"]
[EventDate "1981.07.11"]
[EventType "swiss"]
[EventRounds "10"]
[EventCountry "CAN"]

1. e4 c5 2. Nf3 Nc6 3. d4 cxd4 4. Nxd4 g6 5. Be3 Nf6 6. Nc3 Bg7 7. Be2 O-O 8.
Qd2 d5 9. exd5 Nxd5 10. Nxd5 Qxd5 11. Bf3 Qd7 12. Nxc6 bxc6 13. Qxd7 Bxd7 14.
Rd1 Be6 15. b3 Rfc8 16. Bd4 Bd5 17. Bxd5 cxd5 18. Bxg7 Kxg7 19. Rxd5 Rxc2 20.
Rd2 Rac8 21. Ke2 Kf6 22. Rhd1 e5 23. Rxc2 Rxc2+ 24. Rd2 Rc7 25. Ke3 Ke6 26. g3
f5 27. f3 Rc3+ 28. Rd3 Rc1 29. Rd2 Rc3+ 30. Rd3 Rc2 31. Rd2 Rc3+ 1/2-1/2

[Event "CAN-op"]
[Site "Quebec CAN"]
[Date "1981.07.12"]
[Round "3"]
[White "Brodie, Hugh"]
[Black "Angers, Gilles"]
[Result "1/2-1/2"]
[WhiteElo "1906"]
[BlackElo "2174"]
[PlyCount "58"]
[EventDate "1981.07.11"]
[EventType "swiss"]
[EventRounds "10"]
[EventCountry "CAN"]

1. Nf3 Nf6 2. b3 g6 3. Bb2 Bg7 4. g3 O-O 5. Bg2 d5 6. c4 c6 7. O-O Nbd7 8. Qc2
Re8 9. Ne5 Nxe5 10. Bxe5 Bf5 11. d3 Qd7 12. Nd2 Bh3 13. Nf3 Bxg2 14. Kxg2 Nh5
15. Bxg7 Nxg7 16. Qb2 f6 17. d4 Qf5 18. Rac1 Rac8 19. Rc2 e5 20. Rfc1 e4 21.
Ng1 Qd7 22. cxd5 cxd5 23. Rxc8 Rxc8 24. Rxc8+ Qxc8 25. Qd2 Qd7 26. Qf4 Kf7 27.
Nh3 Ne6 28. Qd2 g5 29. f3 exf3+ 1/2-1/2

[Event "CAN-op"]
[Site "Quebec CAN"]
[Date "1981.07.13"]
[Round "4"]
[White "Girard, Jeannot"]
[Black "Brodie, Hugh"]
[Result "0-1"]
[WhiteElo "1667"]
[BlackElo "1906"]
[PlyCount "48"]
[EventDate "1981.07.11"]
[EventType "swiss"]
[EventRounds "10"]
[EventCountry "CAN"]

1. e4 c5 2. Nc3 Nc6 3. f4 d6 4. Nf3 g6 5. Bc4 Bg7 6. d3 e6 7. O-O Nge7 8. Qe1
Nd4 9. Bb3 Nec6 10. f5 O-O 11. Ne2 exf5 12. Ng5 Nxb3 13. axb3 Nd4 14. Nxd4
Bxd4+ 15. Kh1 fxe4 16. Nxe4 d5 17. Nc3 Bg7 18. Qg3 Be6 19. Bf4 Qd7 20. Na4 b6
21. Ra2 Rfc8 22. Rfa1 Qc6 23. Qf2 d4 24. c3 b5 0-1

[Event "CAN-op"]
[Site "Quebec CAN"]
[Date "1981.07.14"]
[Round "5"]
[White "Langlois, Charles"]
[Black "Brodie, Hugh"]
[Result "1-0"]
[WhiteElo "2107"]
[BlackElo "1906"]
[PlyCount "79"]
[EventDate "1981.07.11"]
[EventType "swiss"]
[EventRounds "10"]
[EventCountry "CAN"]

1. e4 c5 2. Nf3 Nc6 3. c3 d5 4. exd5 Qxd5 5. d4 Bg4 6. Be2 e6 7. O-O Nf6 8. Be3
cxd4 9. cxd4 Be7 10. Nc3 Qa5 11. Qb3 Qc7 12. Rac1 O-O 13. h3 Bxf3 14. Bxf3 Qd7
15. Rfd1 Na5 16. Qb5 Qxb5 17. Nxb5 a6 18. Nc7 Rac8 19. Bf4 Rfd8 20. a3 Bd6 21.
Bxd6 Rxd6 22. Nxa6 Rcd8 23. Nc5 b6 24. Nb7 Nxb7 25. Bxb7 g6 26. Rc6 Rxd4 27.
Rxd4 Rxd4 28. Rxb6 Nd7 29. Rb5 Rd1+ 30. Kh2 Kf8 31. Bc6 Rd6 32. Bxd7 Rxd7 33.
a4 Ke7 34. a5 Kd6 35. b4 Ra7 36. Rb6+ Kc7 37. f4 Ra8 38. Kg3 h6 39. Kf3 Re8 40.
b5 1-0

[Event "CAN-op"]
[Site "Quebec CAN"]
[Date "1981.07.15"]
[Round "6"]
[White "Brodie, Hugh"]
[Black "Kratky, Bohumil"]
[Result "1/2-1/2"]
[WhiteElo "1906"]
[BlackElo "1679"]
[PlyCount "103"]
[EventDate "1981.07.11"]
[EventType "swiss"]
[EventRounds "10"]
[EventCountry "CAN"]

1. f4 Nf6 2. Nf3 d6 3. Nc3 h6 4. e4 Nc6 5. d4 Bg4 6. Be3 Nd7 7. h3 Bxf3 8. Qxf3
e6 9. Bc4 a6 10. O-O Qe7 11. d5 Nd8 12. dxe6 Nxe6 13. Nd5 Qd8 14. Rad1 c6 15.
Nc3 Qf6 16. Qg3 b5 17. Bb3 Nec5 18. Qf3 Nxb3 19. axb3 Rc8 20. Rfe1 Be7 21. Bd4
Qg6 22. Rd2 O-O 23. Red1 b4 24. Ne2 f5 25. exf5 Qxf5 26. g4 Qf7 27. Be3 c5 28.
Ng3 Ne5 29. Qe4 Ng6 30. Nf5 Rfe8 31. Qf3 Nh4 32. Nxh4 Bxh4 33. Rxd6 Bf6 34. Kf2
Bxb2 35. Qd5 Qxd5 36. R1xd5 Bd4 37. Bxd4 cxd4 38. Rxd4 Rxc2+ 39. Rd2 Rc3 40.
R2d3 Rc2+ 41. Kf3 a5 42. R6d5 Ra8 43. R5d4 Rac8 44. Ke4 Re2+ 45. Kf3 Rec2 46.
Rd5 R8c3 47. Ke3 Rb2 48. Rxc3 bxc3 49. Rxa5 Rxb3 50. Rc5 c2+ 51. Ke4 Rxh3 52.
Rxc2 1/2-1/2

[Event "CAN-op"]
[Site "Quebec CAN"]
[Date "1981.07.16"]
[Round "7"]
[White "Normandeau, Gerard"]
[Black "Brodie, Hugh"]
[Result "1/2-1/2"]
[WhiteElo "1668"]
[BlackElo "1906"]
[PlyCount "78"]
[EventDate "1981.07.11"]
[EventType "swiss"]
[EventRounds "10"]
[EventCountry "CAN"]

1. Nf3 b6 2. g3 Bb7 3. Bg2 e6 4. c4 f5 5. d3 Nf6 6. O-O Be7 7. Nc3 O-O 8. Ne1
Bxg2 9. Nxg2 d5 10. cxd5 exd5 11. Qb3 c6 12. e4 fxe4 13. dxe4 Nbd7 14. Be3 Ne5
15. exd5 cxd5 16. Rad1 Qc8 17. Nxd5 Nf3+ 18. Kh1 Nxd5 19. Nf4 Kh8 20. Qxd5 Ng5
21. Qd7 Bf6 22. Qxc8 Rfxc8 23. Nd5 Rc2 24. Nxf6 gxf6 25. Kg2 Kg7 26. Rd7+ Kg6
27. Rfd1 Rxb2 28. h4 Ne4 29. g4 h5 30. Kf3 Nc5 31. gxh5+ Kxh5 32. Bxc5 bxc5 33.
R7d5+ Kh6 34. Rxc5 Rxa2 35. Rd6 Rf8 36. Rc7 a5 37. Ra7 Ra4 38. Rda6 Rxh4 39.
Rxa5 Rb8 1/2-1/2

[Event "CAN-op"]
[Site "Quebec CAN"]
[Date "1981.07.17"]
[Round "8"]
[White "Brodie, Hugh"]
[Black "Felderhof, G."]
[Result "1-0"]
[WhiteElo "1906"]
[BlackElo "1744"]
[PlyCount "87"]
[EventDate "1981.07.11"]
[EventType "swiss"]
[EventRounds "10"]
[EventCountry "CAN"]

1. e4 e6 2. d3 d5 3. Nd2 Be7 4. Ngf3 Nc6 5. g3 e5 6. exd5 Qxd5 7. Bg2 Bg4 8. h3
Be6 9. O-O Qd7 10. Kh2 O-O-O 11. Re1 f6 12. Nb3 g5 13. Be3 h5 14. Qd2 Nh6 15.
Bc5 Ng4+ 16. Kg1 h4 17. Bxe7 Qxe7 18. hxg4 hxg3 19. fxg3 Bxg4 20. Kf2 Bxf3 21.
Bxf3 Rh2+ 22. Bg2 Qh7 23. Rh1 Qf5+ 24. Kg1 Rxh1+ 25. Kxh1 Rh8+ 26. Kg1 Qg4 27.
Qf2 Rh6 28. Qf3 Qd7 29. Rf1 Qe7 30. a3 Nd8 31. Qf5+ Kb8 32. Bh3 a6 33. Qd7 Qd6
34. Qxd6 cxd6 35. Bg4 b5 36. Kg2 Kc7 37. Rh1 Rxh1 38. Kxh1 Nc6 39. c3 Ne7 40.
Nd2 d5 41. Kg2 f5 42. Bh5 Ng8 43. Nf3 Nf6 44. Bg6 1-0

[Event "CAN-op"]
[Site "Quebec CAN"]
[Date "1981.07.18"]
[Round "9"]
[White "Brodie, Hugh"]
[Black "Erdos, Larry"]
[Result "1-0"]
[WhiteElo "1906"]
[BlackElo "1719"]
[PlyCount "59"]
[EventDate "1981.07.11"]
[EventType "swiss"]
[EventRounds "10"]
[EventCountry "CAN"]

1. e4 c5 2. Nf3 Qc7 3. Nc3 a6 4. d3 e6 5. g3 d6 6. Bg2 Be7 7. O-O Nf6 8. Nh4
Nc6 9. f4 b5 10. f5 O-O 11. fxe6 Bxe6 12. Nd5 Bxd5 13. exd5 Ne5 14. Nf5 Rfe8
15. Bg5 h6 16. Nxh6+ gxh6 17. Bxf6 Bxf6 18. Rxf6 Kg7 19. Rf2 Re7 20. Be4 Rae8
21. Qh5 c4 22. Raf1 cxd3 23. cxd3 Qc5 24. Kg2 Qd4 25. Rf6 Rh8 26. R1f2 Rd7 27.
Qf5 a5 28. Re6 fxe6 29. Qf6+ Kg8 30. Qf8# 1-0

[Event "CAN-op"]
[Site "Quebec CAN"]
[Date "1981.07.19"]
[Round "10"]
[White "Kuznecov, Alex"]
[Black "Brodie, Hugh"]
[Result "1/2-1/2"]
[WhiteElo "2122"]
[BlackElo "1906"]
[PlyCount "88"]
[EventDate "1981.07.11"]
[EventType "swiss"]
[EventRounds "10"]
[EventCountry "CAN"]

1. e4 c5 2. Nf3 Nc6 3. d4 cxd4 4. Nxd4 g6 5. Be3 Nf6 6. Nc3 Bg7 7. Bc4 Qa5 8.
O-O O-O 9. Nb3 Qc7 10. f4 d6 11. Be2 Bd7 12. Bf3 a6 13. g4 Be6 14. Nd5 Bxd5 15.
exd5 Na5 16. Nxa5 Qxa5 17. Rf2 Rac8 18. g5 Nd7 19. Bd4 Bxd4 20. Qxd4 Qb6 21.
Qxb6 Nxb6 22. Re1 Rfe8 23. Kg2 Kf8 24. c3 Rc5 25. Rd2 Nc4 26. Rde2 b5 27. Kg3
Nb6 28. Rd1 Rd8 29. h4 Rc7 30. h5 Kg7 31. Rh1 Rh8 32. Kg4 Nc4 33. Kg3 Nb6 34.
Kg4 Nc4 35. Be4 Ra7 36. Rh3 Rc7 37. Reh2 Rcc8 38. Kf3 Rcd8 39. Bd3 Nb6 40. Ke4
Rc8 41. Kd4 Rc5 42. Be4 Rc4+ 43. Kd3 Rc5 44. Kd4 Rc4+ 1/2-1/2

[Event "World op"]
[Site "New Paltz USA"]
[Date "1981.07.01"]
[Round "1"]
[White "Brodie, Hugh"]
[Black "Arsalan, J."]
[Result "0-1"]
[WhiteElo "1902"]
[BlackElo "1850"]
[PlyCount "60"]
[EventDate "1981.07.01"]
[EventType "swiss"]
[EventRounds "9"]
[EventCountry "USA"]

1. f4 c5 2. b3 d5 3. e3 Nf6 4. Bb2 Nc6 5. Bb5 Qb6 6. Bxc6+ Qxc6 7. Nf3 b6 8.
O-O Bb7 9. d3 e6 10. Nbd2 Be7 11. Qe1 O-O 12. Ne5 Qc7 13. Rf3 Nd7 14. Ng4 d4
15. Rh3 f5 16. Nf2 Bf6 17. exd4 Rae8 18. Qe3 cxd4 19. Bxd4 e5 20. fxe5 Nxe5 21.
Qg3 Qxc2 22. Nc4 Nf3+ 23. gxf3 Bxd4 24. Rf1 Rf6 25. Qh4 f4 26. Qxh7+ Kf7 27.
Qh5+ Rg6+ 28. Kh1 Ree6 29. Ng4 Qxd3 30. Rg1 Bxf3+ 0-1

[Event "World op"]
[Site "New Paltz USA"]
[Date "1981.07.02"]
[Round "2"]
[White "Dye, K."]
[Black "Brodie, Hugh"]
[Result "1/2-1/2"]
[WhiteElo "1880"]
[BlackElo "1902"]
[PlyCount "65"]
[EventDate "1981.07.01"]
[EventType "swiss"]
[EventRounds "9"]
[EventCountry "USA"]

1. d4 e6 2. c4 Bb4+ 3. Bd2 Qe7 4. Nf3 f5 5. a3 Bxd2+ 6. Nbxd2 Nf6 7. e3 b6 8.
Bd3 Bb7 9. Qc2 d6 10. O-O Nbd7 11. d5 Nc5 12. e4 fxe4 13. Nxe4 Nxd3 14. Qxd3
O-O 15. Neg5 exd5 16. Rfe1 Qd7 17. cxd5 Bxd5 18. Nxh7 Nxh7 19. Qxd5+ Qf7 20.
Qc6 Rae8 21. Re4 Ng5 22. Rxe8 Nxf3+ 23. gxf3 Rxe8 24. Rc1 Re7 25. Qa8+ Kh7 26.
Qc6 Re5 27. Rc4 Qg6+ 28. Rg4 Rg5 29. h3 Rxg4+ 30. fxg4 Qb1+ 31. Kg2 Qxb2 32.
Qe4+ Kg8 33. Qe8+ 1/2-1/2